Poesía de la Edad de Oro / (Record no. 17504)

MARC details
000 -LEADER
campo de control de longitud fija 00804nam a2200241 i 4500
001 - NÚMERO DE CONTROL
campo de control 17504
003 - IDENTIFICADOR DE NÚMERO DE CONTROL
campo de control ES-MaACL
005 - FECHA Y HORA DE LA ÚLTIMA TRANSACCIÓN
campo de control 20250725232722.0
007 - CAMPO FIJO DE DESCRIPCIÓN FÍSICA--INFORMACIÓN GENERAL
campo de control de longitud fija t|
008 - DATOS DE LONGITUD FIJA--INFORMACIÓN GENERAL
campo de control de longitud fija 010322m19821984sp ||||1| spa d
020 ## - NÚMERO INTERNACIONAL ESTÁNDAR DEL LIBRO
Número Internacional Estándar del Libro 84-7039-427-4
080 ## - NÚMERO DE LA CLASIFICACIÓN DECIMAL UNIVERSAL
Número de la Clasificación Decimal Universal 821.134.2-1"15/16"(082.2)
245 00 - MENCIÓN DEL TÍTULO
Título Poesía de la Edad de Oro /
Mención de responsabilidad, etc. edición, introducción y notas de José Manuel Blecua.
260 ## - PUBLICACIÓN, DISTRIBUCIÓN, ETC.
Lugar de publicación, distribución, etc. Madrid :
Nombre del editor, distribuidor, etc. Castalia,
Fecha de publicación, distribución, etc. 1982-1984.
300 ## - DESCRIPCIÓN FÍSICA
Extensión 2 v. :
Otras características físicas il. ;
Dimensiones 18 cm.
490 1# - MENCIÓN DE SERIE
Mención de serie Clásicos Castalia ;
Designación de volumen o secuencia 123, 136
505 8# - NOTA DE CONTENIDO CON FORMATO
Nota de contenido con formato Contiene: 1. Renacimiento -- 2. Barroco
650 #4 - PUNTO DE ACCESO ADICIONAL DE MATERIA--TÉRMINO DE MATERIA
Término de materia o nombre geográfico como elemento de entrada Poesías españolas-
Subdivisión cronológica S.XVI-XVII
9 (RLIN) 16219
700 0# - ENTRADA AGREGADA--NOMBRE PERSONAL
Nombre de persona Blecua, José Manuel.
9 (RLIN) 29459
830 0# - PUNTO DE ACCESO ADICIONAL DE SERIE-TÍTULO UNIFORME
Título uniforme Clásicos Castalia ;
Designación de volumen o secuencia 123, 136
9 (RLIN) 178595
852 ## - LOCALIZACIÓN
Ubicación ES-MaACL
Número de control de estantería G-1712-13
Sublocalización o colección R.105215
Holdings
Estatus retirado Estado de pérdida Estado de daño No para préstamo Biblioteca de origen Biblioteca actual Ubicación en estantería Fecha de adquisición Fuente de adquisición Total de préstamos Signatura topográfica completa Código de barras Visto por última vez Precio de reemplazo Tipo de ítem Koha
        Biblioteca del Ateneo de Madrid Biblioteca del Ateneo de Madrid Depósito 2 17/01/2008     G-1712-13 1017858 23/02/2023 23/02/2023 Libro impreso